The visualization toolkit

Αποθηκεύτηκε σε:
Λεπτομέρειες βιβλιογραφικής εγγραφής
Κύριος συγγραφέας: Schroeder, Will
Άλλοι συγγραφείς: Martin, Kenneth W. (Kenneth William) 1952-, Lorensen, Bill
Μορφή: Βιβλίο
Γλώσσα:English
Δημοσίευση: Upper Saddle River, NJ : Prentice Hall PTR, c1998
Έκδοση:2nd ed.
Θέματα:
Ετικέτες: Προσθήκη ετικέτας
Δεν υπάρχουν, Καταχωρήστε ετικέτα πρώτοι!

MARC

LEADER 00000nam a2200000 i 4500
001 1/97300
008 000210s1998 eng d
020 |a 0139546944 
035 |l 10056084 
040 |a GR-MY-UA  |b gre  |e aacr 
041 0 |a eng 
082 0 |a 003.3666 
100 1 |a Schroeder, Will. 
245 1 4 |a The visualization toolkit /  |c Will Schroeder, Ken Martin, Bill Lorence 
250 |a 2nd ed. 
260 |a Upper Saddle River, NJ :   |b Prentice Hall PTR,   |c c1998 
300 |a xx, 645 p.;  |b ill. (some col.);  |c 25 cm.+  |e 1 computer laser optical disc (4 3/4 in.) 
504 |a Includes bibliographical references and index 
650 0 0 |a Object-oriented methods (Computer science) 
650 0 0 |a Computer graphics. 
700 1 |a Martin, Kenneth W.  |q (Kenneth William)  |d 1952- 
700 1 |a Lorensen, Bill. 
852 |a INST  |b SAMOS  |e 20000210  |h 003.3666 SCH  |p 005300016126  |q 005300016126  |t BK  |y 0 
852 |a INST  |b SAMOS  |e 20000210  |h 003.3666 SCH   |p 005300015684  |q 005300015684  |t BK  |y 0 
901 |a BIBL3-2000-1 
909 |a Σ  |b 071376 
909 |a Σ  |b 067610 
922 |a 3ΕΛΗ  |b 199912  |c ΤΠΕΣ  |d ΠΑΠΑΣΩΤΗΡΙΟΥ 
950 |a 133-1999-07-20 
970 |a ΠΟΥΡΝΑΡΑΣ  |b ΔΗΜΗΤΡΗΣ  |z 2000/02/10